| 000 | 00302 a2200121 4500 | ||
|---|---|---|---|
| 001 | 84986 | ||
| 082 | _a519.1 MIL | ||
| 090 |
_c40079 _d40078 |
||
| 100 | _aJ.Susan Milton | ||
| 245 | _aIntroduction to Probability and Statistics 4th/ed | ||
| 250 | _a4th | ||
| 260 |
_aNew Delhi _bTata McGraw Hill _c2011 |
||
| 942 |
_aNUST-CAE _k519.1 MIL |
||
| 999 |
_c320059 _d320059 |
||